| 000 | 00698nam a2200253Ia 4500 | ||
|---|---|---|---|
| 003 | OSt | ||
| 005 | 20221005070059.0 | ||
| 006 | a|||||r|||| 00| 0 | ||
| 007 | ta | ||
| 008 | 221004b |||||||| |||| 00| 0 eng d | ||
| 024 | _a53795 | ||
| 037 | _cTextual | ||
| 040 |
_aCRL _cCRL _beng |
||
| 041 |
_2eng _aeng |
||
| 082 | _aR0aQ.1, N6 | ||
| 100 | _aSmart Ninian Ed. | ||
| 245 | 0 | _aEast-West encounters in philosophy and religion | |
| 260 |
_aMumbai _bPopular _c1996 |
||
| 300 |
_a411p. _ccm. |
||
| 650 | _aPHILOSOPHY | ||
| 700 |
_a Murthy B Srinivana Ed. _9605267 |
||
| 942 |
_hR0aQ.1, N6 _cTEXL _2cc |
||
| 999 |
_c975617 _d975617 |
||